[Event "Titled Tue 27th May Early"]
[Site "chess.com INT"]
[Date "2025.05.27"]
[Round "11"]
[White "Boramanikar, Tanisha S"]
[Black "Mafra, Kaiser Luiz"]
[Result "0-1"]
[WhiteTitle "WCM"]
[BlackTitle "CM"]
[WhiteElo "1743"]
[BlackElo "2094"]
[WhiteFideId "35023454"]
[BlackFideId "2106698"]
[EventDate "2025.05.27"]

1. e4 c5 2. d4 cxd4 3. c3 dxc3 4. Nxc3 a6 5. Bc4 d6 6. Nf3 Nc6 7. O-O Nf6 8. e5
dxe5 9. Qxd8+ Nxd8 10. Nxe5 Be6 11. Bf4 g6 12. Rfd1 Bg7 13. Rac1 O-O 14. Bxe6
Nxe6 15. Nd7 Nxd7 16. Rxd7 Nxf4 17. Rxe7 Bxc3 18. bxc3 Rfe8 19. Rce1 Rxe7 20.
Rxe7 Rb8 21. g3 Nd5 0-1

[Event "Titled Tue 27th May Early"]
[Site "chess.com INT"]
[Date "2025.05.27"]
[Round "11"]
[White "Rabin, Evan"]
[Black "Punin, Andrii"]
[Result "0-1"]
[BlackTitle "FM"]
[WhiteElo "1945"]
[BlackElo "2289"]
[WhiteFideId "2028670"]
[BlackFideId "14112639"]
[EventDate "2025.05.27"]

1. e4 d5 2. exd5 Qxd5 3. Nc3 Qa5 4. d4 Nf6 5. Nf3 c6 6. Ne5 Be6 7. g3 g6 8. Bg2
Bg7 9. O-O O-O 10. Bd2 Qd8 11. Be3 Nbd7 12. Qd2 Nxe5 13. dxe5 Nd5 14. f4 Nxe3
15. Qxe3 Qa5 16. Rad1 Rfd8 17. Qe2 Qb6+ 18. Qf2 Qxb2 19. Ne4 Qxa2 20. Ng5 Bd5
21. Bxd5 Rxd5 22. Rxd5 Qxd5 23. Qe2 Rd8 24. Rb1 b5 25. Ra1 Qd4+ 0-1

[Event "Titled Tue 27th May Early"]
[Site "chess.com INT"]
[Date "2025.05.27"]
[Round "11"]
[White "Perry, Patrick"]
[Black "Kalyani Sirin"]
[Result "0-1"]
[BlackTitle "WFM"]
[WhiteElo "2296"]
[BlackElo "2136"]
[WhiteFideId "30917727"]
[BlackFideId "33323500"]
[EventDate "2025.05.27"]

1. e4 e5 2. Nf3 Nc6 3. Bb5 f5 4. Nc3 fxe4 5. Nxe4 Nf6 6. Nxf6+ Qxf6 7. d3 Bc5 8.
O-O O-O 9. c3 d5 10. Bxc6 bxc6 11. d4 Bd6 12. Bg5 Qf5 13. Qb1 e4 14. Ne5 Qxg5
15. f4 exf3 16. Rxf3 Bf5 17. Qe1 Be4 18. Rg3 Qf6 19. Nd7 Qf7 20. Nxf8 Bxg3 21.
Qxg3 Rxf8 22. h3 Qf4 23. Qe1 Qg5 24. Qe2 h6 25. Re1 Rf6 26. c4 Rg6 27. g4 Qf4
28. cxd5 Qg3+ 29. Kf1 Rf6+ 30. Qf2 Rxf2# 0-1

[Event "Titled Tue 27th May Early"]
[Site "chess.com INT"]
[Date "2025.05.27"]
[Round "11"]
[White "Gong, Qianyun"]
[Black "Lacasa Diaz, Josep Anton"]
[Result "1-0"]
[WhiteTitle "WGM"]
[BlackTitle "IM"]
[WhiteElo "2265"]
[BlackElo "2304"]
[WhiteFideId "8602425"]
[BlackFideId "2203375"]
[EventDate "2025.05.27"]

1. d4 d5 2. c4 e6 3. Nf3 c5 4. e3 Nf6 5. Nc3 a6 6. cxd5 exd5 7. Bd3 Nc6 8. h3
cxd4 9. exd4 Be7 10. O-O O-O 11. Re1 h6 12. Bf4 Be6 13. Rc1 Rc8 14. Bb1 b5 15.
Qd3 Nb4 16. Qd2 Nc6 17. Bxh6 b4 18. Bxg7 bxc3 19. Qh6 1-0

[Event "Titled Tue 27th May Early"]
[Site "chess.com INT"]
[Date "2025.05.27"]
[Round "11"]
[White "Viskelis, Darius"]
[Black "Sanchez Negreiros, Jose Alberto"]
[Result "0-1"]
[WhiteTitle "FM"]
[BlackTitle "FM"]
[WhiteElo "2165"]
[BlackElo "2231"]
[WhiteFideId "12800830"]
[BlackFideId "3851516"]
[EventDate "2025.05.27"]

1. e4 e5 2. Bc4 Nf6 3. d4 exd4 4. e5 d5 5. Be2 Ne4 6. Qxd4 Bc5 7. Qa4+ Bd7 8.
Qb3 Nxf2 9. Qxb7 Nc6 10. Bb5 Rb8 11. Qa6 Rb6 12. Qa4 Nxh1 13. Nf3 a6 14. Bg5
axb5 15. Qh4 Bf2+ 0-1

[Event "Titled Tue 27th May Early"]
[Site "chess.com INT"]
[Date "2025.05.27"]
[Round "11"]
[White "Gunawardhana, Devindya Oshini"]
[Black "Suvradeepta, Das"]
[Result "1-0"]
[WhiteTitle "WIM"]
[BlackTitle "FM"]
[WhiteElo "2068"]
[BlackElo "2254"]
[WhiteFideId "29941482"]
[BlackFideId "5058031"]
[EventDate "2025.05.27"]

1. Nf3 c6 2. g3 d5 3. Bg2 Nf6 4. O-O g6 5. d4 Bg7 6. c3 O-O 7. Nbd2 Re8 8. Re1
Nbd7 9. e4 Nf8 10. e5 N6d7 11. Nf1 Nb6 12. h4 Bg4 13. N1h2 Bf5 14. h5 Be4 15.
hxg6 hxg6 16. Ng4 Qc8 17. Nh6+ Bxh6 18. Bxh6 Ne6 19. Bh3 f5 20. Nh4 Kh7 21. Bc1
Rf8 22. f3 g5 23. fxe4 gxh4 24. Bxf5+ 1-0

[Event "Titled Tue 27th May Early"]
[Site "chess.com INT"]
[Date "2025.05.27"]
[Round "11"]
[White "Sheremetev, Vladislav"]
[Black "Dyulgerov, Volen"]
[Result "0-1"]
[WhiteTitle "CM"]
[BlackTitle "CM"]
[WhiteElo "2160"]
[BlackElo "2200"]
[WhiteFideId "54188300"]
[BlackFideId "2918978"]
[EventDate "2025.05.27"]

1. e4 e5 2. Nf3 d5 3. Nxe5 Nf6 4. exd5 Qxd5 5. Nf3 Nc6 6. Nc3 Qh5 7. Be2 Bg4 8.
h3 Bd6 9. d3 O-O 10. O-O Bxh3 11. Ng5 Bg4 12. Bxg4 Qh2# 0-1

[Event "Titled Tue 27th May Early"]
[Site "chess.com INT"]
[Date "2025.05.27"]
[Round "11"]
[White "Eljanov, Pavel"]
[Black "Dragnev, Valentin"]
[Result "1-0"]
[WhiteTitle "GM"]
[BlackTitle "GM"]
[WhiteElo "2668"]
[BlackElo "2540"]
[WhiteFideId "14102951"]
[BlackFideId "1634852"]
[EventDate "2025.05.27"]

1. d4 d5 2. Nf3 c5 3. e3 Nf6 4. Be2 Nc6 5. O-O e6 6. b3 cxd4 7. exd4 Bd6 8. Bb2
O-O 9. Nbd2 b6 10. a3 Bb7 11. Bd3 Qc7 12. Qe2 Rae8 13. Ne5 Bxe5 14. dxe5 Nd7 15.
Nf3 Nc5 16. Bxh7+ Kxh7 17. Ng5+ Kh6 18. Bc1 Kg6 19. Qg4 Nxe5 20. Qg3 Nf3+ 21.
Qxf3 Qe5 22. Bf4 Qf5 23. Qg3 Kf6 24. Nh7+ Ke7 25. Bd6+ Kd7 26. Nxf8+ 1-0

[Event "Titled Tue 27th May Early"]
[Site "chess.com INT"]
[Date "2025.05.27"]
[Round "11"]
[White "Karas, Eugenia"]
[Black "Slovineanu, Viacheslav"]
[Result "0-1"]
[WhiteTitle "WFM"]
[BlackTitle "IM"]
[WhiteElo "2124"]
[BlackElo "2412"]
[WhiteFideId "463485"]
[BlackFideId "13900510"]
[EventDate "2025.05.27"]

1. Nf3 Nf6 2. b3 e6 3. Bb2 d5 4. e3 Bd6 5. Be2 O-O 6. O-O c5 7. d4 b6 8. Nbd2
Bb7 9. c4 Nc6 10. cxd5 exd5 11. dxc5 bxc5 12. Rc1 Qe7 13. Nh4 Qe6 14. Bd3 Rad8
15. Bf5 Qe7 16. Qc2 g6 17. Bd3 Nb4 18. Qc3 d4 19. exd4 Nfd5 20. Nxg6 hxg6 21.
Qc4 Ba6 0-1

[Event "Titled Tue 27th May Early"]
[Site "chess.com INT"]
[Date "2025.05.27"]
[Round "11"]
[White "Centron Antuna, Daniel"]
[Black "Harshit, Ranjan Sahu"]
[Result "0-1"]
[WhiteTitle "FM"]
[BlackTitle "CM"]
[WhiteElo "2290"]
[BlackElo "2214"]
[WhiteFideId "22288694"]
[BlackFideId "25638815"]
[EventDate "2025.05.27"]

1. Nf3 Nf6 2. d4 g6 3. Nc3 Bg7 4. e4 d6 5. Bg5 O-O 6. Qd2 c6 7. h4 Bg4 8. Be2 b5
9. a3 Nbd7 10. e5 dxe5 11. dxe5 Nh5 12. Nd4 Nxe5 13. Bxg4 Nxg4 14. Nxc6 Qxd2+
15. Kxd2 Nxf2 16. Nxe7+ Kh8 17. Rhe1 Rad8+ 18. Ke2 Ng4 19. Rad1 Rde8 20. Kf1 h6
21. Bc1 Bf6 22. Ncd5 Bxh4 23. Re4 Ng3+ 24. Kg1 Nxe4 25. b4 Bf2+ 0-1

[Event "Titled Tue 27th May Early"]
[Site "chess.com INT"]
[Date "2025.05.27"]
[Round "11"]
[White "Gubajdullin, Alexei"]
[Black "Goryachkina, Aleksandra"]
[Result "0-1"]
[WhiteTitle "FM"]
[BlackTitle "GM"]
[WhiteElo "2227"]
[BlackElo "2544"]
[WhiteFideId "4141202"]
[BlackFideId "4147103"]
[EventDate "2025.05.27"]

1. Nf3 Nf6 2. g3 g6 3. Bg2 Bg7 4. O-O O-O 5. d3 d5 6. Nbd2 Nc6 7. e4 dxe4 8.
dxe4 e5 9. c3 a5 10. a4 b6 11. Qb3 Ba6 12. Nc4 Nxe4 13. Re1 Nc5 14. Qa2 e4 15.
Bg5 Qd5 16. Nfd2 Qxg5 17. Nxe4 Nxe4 18. Bxe4 Qc5 19. Ne3 Rae8 20. Bg2 Ne5 21.
Red1 c6 22. b4 axb4 23. cxb4 Qxb4 24. Rab1 Qa5 25. Qb3 b5 26. axb5 Bxb5 27. f4
Nd3 28. Rxd3 Bxd3 29. Qxd3 Qa7 30. Kf2 Rxe3 0-1

[Event "Titled Tue 27th May Early"]
[Site "chess.com INT"]
[Date "2025.05.27"]
[Round "11"]
[White "Vingris, Mikelis"]
[Black "Logachiov, Aleksandr"]
[Result "1-0"]
[BlackTitle "CM"]
[WhiteElo "2102"]
[BlackElo "2129"]
[WhiteFideId "11611731"]
[BlackFideId "24123706"]
[EventDate "2025.05.27"]

1. e4 c5 2. Nf3 d6 3. d4 cxd4 4. Nxd4 Nf6 5. Nc3 a6 6. Be3 e5 7. Nb3 Be6 8. f3
h5 9. Qd2 Nbd7 10. O-O-O Rc8 11. Kb1 Be7 12. Bd3 b5 13. h3 h4 14. Rhf1 Nh5 15.
Nd5 Bxd5 16. exd5 Nb6 17. f4 exf4 18. Bxf4 O-O 19. Qe2 Nxf4 20. Rxf4 Bg5 21. Qh5
g6 22. Bxg6 fxg6 23. Qxg6+ Kh8 24. Rxf8+ Qxf8 25. Qxg5 Nc4 26. Qxh4+ Kg8 27.
Qg4+ Kh8 28. Nd4 Re8 29. Ne6 Qf6 30. Qh5+ Kg8 31. Qxe8+ Kh7 32. Qh5+ Kg8 33.
Qg5+ 1-0

[Event "Titled Tue 27th May Early"]
[Site "chess.com INT"]
[Date "2025.05.27"]
[Round "11"]
[White "Szpar, Milosz"]
[Black "Hnatyshyn, Anastasiia"]
[Result "1-0"]
[WhiteTitle "IM"]
[BlackTitle "WFM"]
[WhiteElo "2475"]
[BlackElo "2159"]
[WhiteFideId "1184989"]
[BlackFideId "14198339"]
[EventDate "2025.05.27"]

1. e4 e6 2. d4 d5 3. Nc3 Bb4 4. e5 c5 5. a3 Bxc3+ 6. bxc3 Ne7 7. Qg4 Qc7 8. Bd3
cxd4 9. Ne2 Nbc6 10. cxd4 Bd7 11. Qxg7 Rg8 12. Qxh7 O-O-O 13. O-O f6 14. exf6
Rh8 15. fxe7 Rde8 16. Bf4 e5 17. dxe5 Rxh7 18. e6 Qa5 19. exd7+ Kxd7 20. Bxh7
Rxe7 21. Bd3 Qc5 22. Rab1 b6 23. Rb5 Qxa3 24. Rxd5+ Kc8 25. Bd6 1-0

[Event "Titled Tue 27th May Early"]
[Site "chess.com INT"]
[Date "2025.05.27"]
[Round "11"]
[White "Beniosev, Daniel"]
[Black "Sobek, Jaroslav"]
[Result "1-0"]
[WhiteTitle "CM"]
[BlackTitle "FM"]
[WhiteElo "2010"]
[BlackElo "2195"]
[WhiteFideId "11632674"]
[BlackFideId "301388"]
[EventDate "2025.05.27"]

1. e4 c5 2. Nc3 a6 3. g3 b5 4. Bg2 Bb7 5. d3 Nf6 6. Be3 d6 7. Qd2 e6 8. h3 b4 9.
Nd1 d5 10. exd5 Bxd5 11. Nf3 Nbd7 12. O-O Be7 13. Re1 O-O 14. c4 bxc3 15. Nxc3
Bb7 16. Rad1 Nd5 17. d4 Nxe3 18. Qxe3 cxd4 19. Qxd4 Nf6 20. Qe3 Qc7 21. Nd4 Bxg2
22. Kxg2 Qb7+ 23. Qf3 Qxb2 24. Rb1 Qa3 25. Nc6 Bc5 26. Rb3 Qxb3 27. axb3 Rac8
28. Na4 Ba3 29. Ra1 Bd6 30. Rd1 Ba3 31. b4 Rb8 32. Nxb8 1-0

[Event "Titled Tue 27th May Early"]
[Site "chess.com INT"]
[Date "2025.05.27"]
[Round "11"]
[White "Bortnyk, Olexandr"]
[Black "Papasimakopoulos, Alexandros"]
[Result "1-0"]
[WhiteTitle "GM"]
[BlackTitle "IM"]
[WhiteElo "2601"]
[BlackElo "2366"]
[WhiteFideId "14120828"]
[BlackFideId "4244125"]
[EventDate "2025.05.27"]

1. e4 e5 2. Nf3 Nc6 3. Nc3 Nf6 4. Nd5 h6 5. d4 Nxd5 6. exd5 Nxd4 7. Nxd4 exd4 8.
Qxd4 Qf6 9. Qxf6 gxf6 10. Bf4 Bd6 11. Bxd6 cxd6 12. a4 a5 13. Kd2 b6 14. c4 Bb7
15. b3 Kf8 16. Bd3 Kg7 17. Rae1 Rae8 18. Rxe8 Rxe8 19. Re1 Re5 20. f4 Rxe1 21.
Kxe1 Kf8 22. Bf5 Bc8 23. Kf2 Ke7 24. Kf3 Kf8 25. Kg3 Kg8 26. Kh4 Kh8 27. Kh5 Kg7
28. g3 Bb7 29. Bxd7 Ba6 30. Kg4 Bb7 31. Kf5 Ba6 32. Ke4 Kf8 33. Kd4 Ke7 34. Bg4
Kd8 35. Kc3 Ke7 36. b4 Kd8 37. bxa5 bxa5 38. Kd4 Kc7 39. Bf5 Kb6 40. h4 Bb7 41.
g4 Ba6 42. h5 1-0

[Event "Titled Tue 27th May Early"]
[Site "chess.com INT"]
[Date "2025.05.27"]
[Round "11"]
[White "Bahmani, Koorosh"]
[Black "Andrade, Ivan"]
[Result "1-0"]
[WhiteTitle "CM"]
[BlackTitle "FM"]
[WhiteElo "2208"]
[BlackElo "2161"]
[WhiteFideId "42576750"]
[BlackFideId "14800039"]
[EventDate "2025.05.27"]

1. Nf3 Nf6 2. g3 e6 3. Bg2 d5 4. O-O c5 5. d4 Nc6 6. c4 dxc4 7. Qa4 Qa5 8. Qxc4
cxd4 9. Nxd4 Nxd4 10. Qxd4 Bc5 11. Qh4 O-O 12. Nc3 Rd8 13. Bg5 Be7 14. Ne4 Qf5
15. Rfd1 Re8 16. Nd6 Bxd6 17. Rxd6 Nd7 18. Be4 1-0

[Event "Titled Tue 27th May Early"]
[Site "chess.com INT"]
[Date "2025.05.27"]
[Round "11"]
[White "Gyurjinyan, Valter"]
[Black "Vedant Rupeshbhai Varasada"]
[Result "1-0"]
[WhiteTitle "CM"]
[BlackTitle "CM"]
[WhiteElo "2208"]
[BlackElo "1971"]
[WhiteFideId "13318179"]
[BlackFideId "25156527"]
[EventDate "2025.05.27"]

1. d4 Nf6 2. c4 g6 3. Nc3 Bg7 4. e4 d6 5. h3 O-O 6. Bg5 h6 7. Be3 e5 8. Nf3 Nc6
9. Be2 exd4 10. Nxd4 Nxd4 11. Bxd4 Be6 12. O-O Nd7 13. Bxg7 Kxg7 14. f4 f5 15.
exf5 Rxf5 16. Bg4 Rf6 17. Qd4 Bxg4 18. hxg4 Kh7 19. Rae1 c6 20. Ne4 Rf8 21. f5
gxf5 22. gxf5 Nf6 23. Nxd6 Qd7 24. Re6 Rad8 25. Rfe1 Kg8 26. c5 b6 27. Rxf6 bxc5
28. Qg4+ Qg7 29. Rg6 1-0

[Event "Titled Tue 27th May Early"]
[Site "chess.com INT"]
[Date "2025.05.27"]
[Round "11"]
[White "Khandhadia, Nivaan Rathin"]
[Black "Hambardzumian, Yuri"]
[Result "1/2-1/2"]
[WhiteTitle "CM"]
[BlackTitle "IM"]
[WhiteElo "2112"]
[BlackElo "2301"]
[WhiteFideId "25753274"]
[BlackFideId "13302795"]
[EventDate "2025.05.27"]

1. d4 Nf6 2. c4 e6 3. Nf3 b6 4. Nc3 Bb4 5. e3 Bb7 6. Bd3 Ne4 7. Qc2 f5 8. O-O d6
9. Nxe4 fxe4 10. Bxe4 Bxe4 11. Qxe4 c6 12. Qxe6+ Kf8 13. a3 g6 14. axb4 Kg7 15.
e4 Rf8 16. Bg5 Qc7 17. Qe7+ Qxe7 18. Bxe7 Re8 19. Bxd6 Rxe4 20. Rfe1 Rxe1+ 21.
Rxe1 Na6 22. Ra1 Nb8 23. Bxb8 Rxb8 24. Rxa7+ Kf6 25. Rxh7 Re8 26. Kf1 Kf5 27.
Rc7 g5 28. Rxc6 g4 29. Nh4+ Ke4 30. Rxb6 Kd3 31. Nf5 Kd2 32. Ne3 Ra8 33. g3 Ra1+
34. Kg2 Ke2 35. d5 Rb1 36. d6 Rxb2 37. d7 Ke1 38. Rf6 Rxf2+ 39. Rxf2 1/2-1/2

[Event "Titled Tue 27th May Early"]
[Site "chess.com INT"]
[Date "2025.05.27"]
[Round "11"]
[White "Pakleza, Zbigniew"]
[Black "Velikanov, Alexander"]
[Result "0-1"]
[WhiteTitle "GM"]
[BlackTitle "IM"]
[WhiteElo "2484"]
[BlackElo "2372"]
[WhiteFideId "1119290"]
[BlackFideId "2039290"]
[EventDate "2025.05.27"]

1. d4 Nf6 2. Nf3 g6 3. Bf4 Bg7 4. e3 d6 5. h3 O-O 6. Be2 Nbd7 7. O-O Qe8 8. c4
e5 9. Bh2 e4 10. Nfd2 Qe7 11. Nc3 Re8 12. b4 Nf8 13. Rc1 h5 14. Re1 h4 15. c5 d5
16. Qb3 c6 17. b5 g5 18. a4 g4 19. hxg4 Nxg4 20. Bxg4 Bxg4 21. Ne2 h3 22. Nf4
hxg2 23. Kxg2 Ne6 24. Rh1 Bf3+ 25. Nxf3 exf3+ 26. Kxf3 Ng5+ 27. Ke2 Qe4 28. Kd2
Nf3+ 29. Kd1 Nxd4 0-1

[Event "Titled Tue 27th May Early"]
[Site "chess.com INT"]
[Date "2025.05.27"]
[Round "11"]
[White "Zhou, Yuxu"]
[Black "Aarav Sinha"]
[Result "1-0"]
[WhiteTitle "CM"]
[BlackTitle "FM"]
[WhiteElo "2087"]
[BlackElo "2255"]
[WhiteFideId "8626421"]
[BlackFideId "25674064"]
[EventDate "2025.05.27"]

1. d4 Nf6 2. Nc3 d5 3. Bg5 Nbd7 4. Qd3 e6 5. O-O-O c5 6. e4 cxd4 7. Qxd4 e5 8.
Qa4 d4 9. Nd5 Be7 10. Bxf6 Bxf6 11. Qa3 Be7 12. Qg3 O-O 13. h4 Bd6 14. h5 h6 15.
Nf3 Nf6 16. Bd3 Nxd5 17. exd5 e4 18. Ne5 exd3 19. Rxd3 Bxe5 20. Qxe5 Re8 21.
Qxd4 Qg5+ 22. f4 Qxg2 23. Rg1 Re1+ 24. Rxe1 Bf5 25. Rd2 Qf3 26. Rg1 1-0

[Event "Titled Tue 27th May Early"]
[Site "chess.com INT"]
[Date "2025.05.27"]
[Round "11"]
[White "Sabatier, Mathis"]
[Black "Kochiev, Ivan"]
[Result "0-1"]
[WhiteTitle "CM"]
[BlackTitle "CM"]
[WhiteElo "2235"]
[BlackElo "2138"]
[WhiteFideId "26029685"]
[BlackFideId "2917890"]
[EventDate "2025.05.27"]

1. e4 d5 2. exd5 Qxd5 3. Nc3 Qa5 4. d4 c6 5. Nf3 Nf6 6. Bc4 Bf5 7. Bd2 Qc7 8.
Ne5 e6 9. O-O Bd6 10. h3 Bxe5 11. dxe5 Qxe5 12. Re1 Qc7 13. Qf3 O-O 14. Bf4 Qa5
15. Bd6 Re8 16. Rad1 Nbd7 17. b4 Qb6 18. g4 Bxc2 19. Rd2 Bg6 20. Na4 Qd8 21. Nc5
Nxc5 22. bxc5 Nd5 23. Be5 Qa5 24. Red1 Qxc5 25. Bb3 Rad8 26. Bd4 Qa5 27. Qg3 Nf6
28. Qe3 Ne4 29. Bc3 Nxc3 30. Rxd8 Rxd8 31. Rxd8+ Qxd8 32. Qxc3 h5 33. Qd3 Qxd3 0-1

[Event "Titled Tue 27th May Early"]
[Site "chess.com INT"]
[Date "2025.05.27"]
[Round "11"]
[White "Leinov, Roman"]
[Black "Papacek, Stepan"]
[Result "1-0"]
[WhiteTitle "CM"]
[BlackTitle "FM"]
[WhiteElo "2120"]
[BlackElo "2225"]
[WhiteFideId "13504649"]
[BlackFideId "301035"]
[EventDate "2025.05.27"]

1. Nf3 e6 2. g3 d5 3. Bg2 Nf6 4. O-O c5 5. d4 Nc6 6. c4 dxc4 7. Ne5 Nxe5 8. dxe5
Qxd1 9. Rxd1 Nd5 10. e4 Nb4 11. Na3 Be7 12. Nxc4 O-O 13. a3 Nc6 14. Be3 b6 15.
f4 Ba6 16. Nd6 Rad8 17. Rac1 f6 18. b4 fxe5 19. bxc5 exf4 20. gxf4 bxc5 21. e5
Nd4 22. Bxd4 cxd4 23. Rxd4 g5 24. fxg5 Kg7 25. Rc7 1-0

[Event "Titled Tue 27th May Early"]
[Site "chess.com INT"]
[Date "2025.05.27"]
[Round "11"]
[White "Kislinsky, Alexey"]
[Black "Jahnz, Laurin"]
[Result "1-0"]
[WhiteTitle "GM"]
[BlackTitle "CM"]
[WhiteElo "2350"]
[BlackElo "2233"]
[WhiteFideId "14108801"]
[BlackFideId "16261089"]
[EventDate "2025.05.27"]

1. d4 d5 2. c4 e6 3. Nf3 c6 4. e3 Bd6 5. g3 f5 6. Bg2 Nf6 7. O-O O-O 8. b3 Qe7
9. a4 Ne4 10. Ba3 Bxa3 11. Nxa3 Nd7 12. Nc2 a5 13. Nce1 b6 14. Nd3 Ba6 15. Qc2
g5 16. Rfc1 g4 17. Nfe5 Nxe5 18. Nxe5 Rac8 19. Bxe4 dxe4 20. c5 Qc7 21. cxb6
Qxb6 22. Qc5 Qxb3 23. Qxa5 Bd3 24. Rc3 Qd5 25. Rc5 Qb3 26. Rac1 Ra8 27. Qc7 Rxa4
28. Rxc6 Ra2 29. Qe7 Qb2 30. Qg5+ Kh8 31. Nf7+ 1-0

[Event "Titled Tue 27th May Early"]
[Site "chess.com INT"]
[Date "2025.05.27"]
[Round "11"]
[White "Schubert, Christian"]
[Black "Teh, Wee Zhun"]
[Result "0-1"]
[WhiteTitle "CM"]
[BlackTitle "CM"]
[WhiteElo "2203"]
[BlackElo "2010"]
[WhiteFideId "4604229"]
[BlackFideId "5707277"]
[EventDate "2025.05.27"]

1. e4 d5 2. exd5 Qxd5 3. Nc3 Qd6 4. d4 Nf6 5. Nf3 a6 6. Be2 Nc6 7. Bg5 Bf5 8. a3
Rd8 9. Bxf6 Qxf6 10. d5 e6 11. O-O Ne5 12. Re1 Bd6 13. Nxe5 Bxe5 14. Bd3 Bxd3
15. cxd3 O-O 16. Ne4 Qh6 17. Ng3 Rxd5 18. Qf3 Rfd8 0-1

[Event "Titled Tue 27th May Early"]
[Site "chess.com INT"]
[Date "2025.05.27"]
[Round "11"]
[White "Nguyen, Ngoc Truong Son"]
[Black "Piesik, Piotr"]
[Result "1-0"]
[WhiteTitle "GM"]
[BlackTitle "IM"]
[WhiteElo "2632"]
[BlackElo "2436"]
[WhiteFideId "12401110"]
[BlackFideId "1136194"]
[EventDate "2025.05.27"]

1. e4 e6 2. d4 d5 3. e5 c5 4. c3 Nc6 5. Nf3 Bd7 6. a3 Nge7 7. b4 cxd4 8. cxd4
Nf5 9. Nc3 a5 10. b5 Na7 11. Bd3 Nc8 12. Bg5 Be7 13. h4 h6 14. Bxe7 Nfxe7 15.
Na4 Nb6 16. Nc5 Nc4 17. Bxc4 dxc4 18. Nxb7 Qb6 19. Nd6+ Kf8 20. a4 c3 21. O-O
Nd5 22. Ne1 f5 23. Nd3 Be8 24. Nc5 Ke7 25. Rc1 g5 26. h5 Rd8 27. Qb3 Bxh5 28.
Rxc3 Bf7 29. Ncb7 Nxc3 30. Qxc3 Rd7 31. Nxa5 Ra8 32. Nc6+ Kf8 33. a5 Qc7 34. b6 1-0

[Event "Titled Tue 27th May Early"]
[Site "chess.com INT"]
[Date "2025.05.27"]
[Round "11"]
[White "Ambrogi, Agustin"]
[Black "Provaznik, Michal"]
[Result "1-0"]
[WhiteTitle "FM"]
[BlackTitle "CM"]
[WhiteElo "2237"]
[BlackElo "2050"]
[WhiteFideId "170933"]
[BlackFideId "315273"]
[EventDate "2025.05.27"]

1. e4 c5 2. Nc3 Nc6 3. Nf3 e6 4. Bb5 Nge7 5. O-O g6 6. Re1 d6 7. Bf1 Bg7 8. d3
e5 9. Bg5 h6 10. Be3 O-O 11. Qd2 Kh7 12. Nd5 f5 13. Nxe7 Qxe7 14. exf5 gxf5 15.
Qd1 f4 16. Bc1 Bg4 17. Be2 Bd7 18. c3 Rae8 19. d4 cxd4 20. cxd4 e4 21. d5 Ne5
22. Nxe5 Bxe5 23. Bf1 Bf5 24. Qh5 Qg5 25. Qxg5 hxg5 26. g3 Rc8 27. g4 Bg6 28.
Bg2 f3 29. Bf1 Kg7 30. Bxg5 Bxb2 31. Rab1 Rc2 32. Be3 b6 33. Rxb2 Rxb2 34. Bd4+
Kf7 35. Bxb2 Rc8 36. Rc1 Rc5 37. Rxc5 dxc5 38. Bc4 Ke7 39. Be5 Be8 40. d6+ Kd8
41. Be6 Bd7 42. Bxd7 Kxd7 43. g5 b5 44. g6 b4 45. g7 c4 46. g8=Q b3 47. Qf7+ Kc6
48. Qc7+ Kd5 49. d7 bxa2 50. Qd6# 1-0

[Event "Titled Tue 27th May Early"]
[Site "chess.com INT"]
[Date "2025.05.27"]
[Round "11"]
[White "Alvarez Leon, Luis"]
[Black "Kim, Sergey"]
[Result "1-0"]
[WhiteTitle "FM"]
[BlackTitle "FM"]
[WhiteElo "2178"]
[BlackElo "2295"]
[WhiteFideId "3600351"]
[BlackFideId "13700570"]
[EventDate "2025.05.27"]

1. Nf3 Nf6 2. d4 g6 3. c4 Bg7 4. Nc3 d6 5. Bg5 O-O 6. e3 Nbd7 7. h3 b6 8. Be2
Bb7 9. O-O h6 10. Bh4 Ne4 11. Nxe4 Bxe4 12. Nd2 Bb7 13. Bf3 c6 14. Rb1 Nf6 15.
b4 Qd7 16. a4 Rab8 17. Nb3 Qe6 18. Qc2 d5 19. c5 Ba6 20. Rfc1 Ne4 21. Bxe4 dxe4
22. Bg3 Bd3 23. Qb2 Rbc8 24. Ra1 f5 25. Be5 Bc4 26. Bxg7 Bxb3 27. Bxf8 Rxf8 28.
Ra3 Bd5 29. cxb6 axb6 30. a5 b5 31. a6 Ra8 32. a7 Qd7 33. Rca1 Kf7 34. Qc3 Bc4
35. Ra6 Qc7 36. d5 Bxd5 37. Qc5 Qb7 38. R6a5 Ke6 39. Rd1 Qd7 40. Qb6 Kf7 41. Qb8 1-0

[Event "Titled Tue 27th May Early"]
[Site "chess.com INT"]
[Date "2025.05.27"]
[Round "11"]
[White "Karvatskyi, Oleksii"]
[Black "Nayem, Haque"]
[Result "1-0"]
[WhiteTitle "CM"]
[BlackTitle "FM"]
[WhiteElo "2248"]
[BlackElo "2180"]
[WhiteFideId "14191059"]
[BlackFideId "10217754"]
[EventDate "2025.05.27"]

1. Nc3 Nf6 2. e4 e5 3. d4 exd4 4. Qxd4 Nc6 5. Qd3 Bb4 6. Bd2 Qe7 7. O-O-O d6 8.
Nd5 Bxd2+ 9. Rxd2 Nxd5 10. exd5 Ne5 11. Qb5+ Qd7 12. f4 Qxb5 13. Bxb5+ Bd7 14.
fxe5 Bxb5 15. Nf3 dxe5 16. Nxe5 f6 17. Nf3 O-O-O 18. b3 Rhe8 19. c4 Bd7 20. Re1
Rxe1+ 21. Nxe1 Re8 22. Nf3 Re4 23. Kc2 g5 24. Rd4 Bf5 25. Rxe4 Bxe4+ 26. Kc3
Bxf3 27. gxf3 Kd7 28. Kd4 c6 29. a4 a5 30. Kc5 cxd5 31. Kxd5 h5 32. c5 Kc7 33.
Ke6 Kc6 34. Kxf6 g4 35. fxg4 hxg4 36. Kg5 Kxc5 37. Kxg4 Kb4 38. h4 Kxb3 39. h5
Kxa4 40. h6 b5 41. h7 b4 42. h8=Q 1-0